书目信息 |
| 题名: |
潮州筝曲选
|
|
| 作者: | 李萌 编 | |
| 分册: | ||
| 出版信息: | 北京 人民音乐出版社 1995 |
|
| 页数: | 12,159页 | |
| 开本: | 26cm | |
| 丛书名: | ||
| 单 册: | ||
| 中图分类: | J648.32 | |
| 科图分类: | ||
| 主题词: | 筝--器乐曲--潮州市--选集 , 筝 , 器乐曲 | |
| 电子资源: | ||
| ISBN: | 7-103-01228-8 | |
| 000 | 00772nam0 2200241 450 | |
| 001 | 0196109952 | |
| 005 | 20070808182923.53 | |
| 010 | @a7-103-01228-8@dCNY13.80 | |
| 100 | @a20060525e20011995em y0chiy0110 ea | |
| 101 | 0 | @achi |
| 102 | @aCN@b110000 | |
| 105 | @ag z 000yy | |
| 200 | 1 | @a潮州筝曲选@9chao zhou zheng qu xuan@e五家筝演奏谱@f李萌编 |
| 210 | @a北京@c人民音乐出版社@d1995@h2001重印 | |
| 215 | @a12,159页@d26cm | |
| 330 | @a本书介绍了潮州筝演奏特点简介以及关于潮州五声调音乐筝谱的说明,另外还收入了景春罗、将军令、一点红、双书生、梅花开、开扇窗、思凡等乐曲。 | |
| 606 | 0 | @a筝@x器乐曲@y潮州市@j选集 |
| 606 | 0 | @a筝 |
| 606 | 0 | @a器乐曲 |
| 690 | @aJ648.32@v4 | |
| 701 | 0 | @a李萌@9li meng@4编 |
| 801 | 0 | @aCN@bNLC@c20070808 |
| 905 | @a10447@dJ648.32@e158 | |
| 潮州筝曲选:五家筝演奏谱/李萌编.-北京:人民音乐出版社,1995(2001重印) |
| 12,159页;26cm |
| ISBN 7-103-01228-8:CNY13.80 |
| 本书介绍了潮州筝演奏特点简介以及关于潮州五声调音乐筝谱的说明,另外还收入了景春罗、将军令、一点红、双书生、梅花开、开扇窗、思凡等乐曲。 |
| ● |
| 相关链接 |
|
|
|
|
正题名:潮州筝曲选
索取号:J648.32/158
 
预约/预借
| 序号 | 登录号 | 条形码 | 馆藏地/架位号 | 状态 | 备注 |
| 1 | 0809843 | 208098431 | 第一样本阅览室/ [索取号:J648.32/158] | 在馆 | |
| 2 | 0809844 | 208098440 | 第一借阅区/ [索取号:J648.32/158] | 在馆 | |
| 3 | 0809845 | 208098459 | 第一借阅区/ [索取号:J648.32/158] | 在馆 | |
| 4 | 0809846 | 208098468 | 第一借阅区/ [索取号:J648.32/158] | 在馆 | |
| 5 | 0809847 | 208098477 | 第一借阅区/ [索取号:J648.32/158] | 在馆 | |
| 6 | 0809848 | 208098486 | 第一借阅区/ [索取号:J648.32/158] | 在馆 | |
| 7 | 0809849 | 208098495 | 第一借阅区/ [索取号:J648.32/158] | 在馆 | |
| 8 | 0809992 | 208099920 | 密集书库-音乐系/ [索取号:J648.32/158] | 在馆 | |
| 9 | 0809993 | 208099939 | 密集书库-音乐系/ [索取号:J648.32/158] | 在馆 | |
| 10 | 0809994 | 208099948 | 密集书库-音乐系/ [索取号:J648.32/158] | 在馆 |